00429nam a2200121Ia 4500001000400000008004100004082002200045100006300067245011700130260001700247901002800264999001500292255241024s9999 xx 000 0 und d aRD/577.7/R426g/v1 aRepública Dominicana.Secretaria de Estado de Educación 0aGuía Didáctica I. Educación Ambiental, Residuos solidos su impacto ambiental, nivel básico, primer ciclo bTallerc2004 a27/10/2010 9:39:23 a.m. c8166d8166